Online Catalogue and eLibrary

After writing culture : (Record no. 240)

MARC details
000 -LEADER
fixed length control field 00967cam a2200277 a 4500
001 - CONTROL NUMBER
control field 2107529
005 - DATE AND TIME OF LATEST TRANSACTION
control field 20240130050009.0
008 - FIXED-LENGTH DATA ELEMENTS--GENERAL INFORMATION
fixed length control field 960723s1997 nyua b 001 0 eng
020 ## - INTERNATIONAL STANDARD BOOK NUMBER
ISBN 0415150051
020 ## - INTERNATIONAL STANDARD BOOK NUMBER
ISBN 041515006X(pbk.)
040 ## - CATALOGING SOURCE (பட்டியலாக்க மூலம்)
Original cataloging agency DLC
Transcribing agency DLC
Modifying agency DLC
082 00 - DDC Classification
Class No. 306
DDC Edition Number 20
245 00 - TITLE STATEMENT
Title After writing culture :
Remainder of title epistemology and praxis in contemporary anthropology /
Statement of responsibility, etc. edited by Allison James, Jenny Hockey, and Andrew Dawson.
260 ## - PUBLICATION, DISTRIBUTION, ETC.
Place of publication, distribution, etc. New York :
Name of publisher, distributor, etc. Routledge,
Date of publication, distribution, etc. 1997.
300 ## - PHYSICAL DESCRIPTION
Extent (e.g. Volumes, Pages etc.) ix, 273 p. :
490 1# - SERIES STATEMENT
Series statement ASA monographs ;
500 ## - GENERAL NOTE
General note Based on papers first presented to the Association of Social Anthropologists Annual Conference 1995, held at Hull University.
650 #0 - SUBJECT ADDED ENTRY--TOPICAL TERM
Topical term or geographic name entry element Ethnology
650 #0 - SUBJECT ADDED ENTRY--TOPICAL TERM
Topical term or geographic name entry element Ethnology
650 #0 - SUBJECT ADDED ENTRY--TOPICAL TERM
Topical term or geographic name entry element Ethnology
700 1# - ADDED ENTRY--PERSONAL NAME
Personal name Dawson, Andrew,
Relator term (Role) Editor
700 1# - ADDED ENTRY--PERSONAL NAME
Personal name Hockey, Jennifer Lorna.
Relator term (Role) Editor
700 1# - ADDED ENTRY--PERSONAL NAME
Personal name Dawson, Andrew H.
Relator term (Role) Editor
856 42 - ELECTRONIC LOCATION AND ACCESS
Uniform Resource Identifier <a href="http://www.loc.gov/catdir/enhancements/fy0649/96032469-d.html">http://www.loc.gov/catdir/enhancements/fy0649/96032469-d.html</a>
942 ## - Koha item type (Biblio)
Koha item type Books in Stacks (Lending)
Holdings
Lost status Damaged status Collection code Home library Current library Date acquired Full call number Accession Number Item type
    Lending WERC Library WERC Library 01/30/2024 306 2965 Books in Stacks (Lending)

© WERC Library